KLM Destinations on a Map - Statistics

General Stats
  • This quiz has been taken 3,310 times
    1,552 since last reset
  • The average score is 120 of 166
Answers on the Map
Answers color-coded by a green-red scale on the quiz's map according to % correct below.
 
Answer Stats
Destinations % Correct
New York City
97%
London Heathrow
96%
Los Angeles
96%
Amsterdam
95%
Cape Town
95%
Dublin
95%
Istanbul
95%
London City
95%
Madrid
95%
Mexico City
95%
Miami
95%
Rome
95%
Tōkyō
95%
Athens
94%
Barcelona
94%
Dubai
94%
Lisbon
94%
New Delhi
94%
Oslo
94%
Paris
94%
Rio de Janeiro
94%
San Francisco
94%
Seoul
93%
Beijing
92%
Buenos Aires
92%
Chicago
92%
Copenhagen
92%
Helsinki
92%
Milan
92%
Porto
92%
Stockholm
92%
Toronto
92%
Berlin
91%
Houston
91%
Jakarta
91%
Johannesburg
91%
Manchester
91%
Manila
91%
São Paulo
91%
Vancouver
91%
Bangkok
90%
Boston
90%
Lima
90%
Mumbai
90%
Santiago
90%
Shanghai
90%
Singapore
90%
Warsaw
90%
Washington D.C.
90%
Atlanta
88%
Brussels
88%
Edinburgh
88%
Munich
88%
Ōsaka
88%
Panama City
88%
Tel Aviv
88%
Bogotá
87%
Frankfurt
87%
Hong Kong
87%
Las Vegas
87%
Taipei
87%
Glasgow
86%
Naples
86%
Bucharest
85%
Budapest
85%
Kuala Lumpur
85%
Montreal
85%
Nice
85%
Marseille
84%
Riyadh
84%
Hamburg
83%
Nairobi
83%
Quito
83%
Venice
83%
Zürich
83%
Lagos
82%
San Diego
82%
Vienna
82%
Belfast
81%
Zagreb
81%
Valencia
80%
Lyon
79%
Austin
78%
Prague
77%
Belgrade
76%
Birmingham
76%
Cork
76%
Portland
76%
Salt Lake City
76%
Geneva
75%
Florence
74%
San José
74%
Bordeaux
73%
Calgary
73%
Cancun
73%
Krakow
73%
Minneapolis
73%
Turin
73%
Accra
72%
Bilbao
72%
Bergen
71%
Edmonton
71%
Gothenburg
70%
Málaga
69%
Cardiff
68%
Leeds/Bradford
68%
Dar es Salaam
67%
Denpasar
67%
Gdańsk
67%
Ljubljana
67%
Newcastle
67%
Stuttgart
67%
Düsseldorf
65%
Ibiza
65%
Toulouse
65%
Bengaluru
64%
Aberdeen
63%
Split
63%
Entebbe
62%
Genoa
62%
Georgetown
62%
Paramaribo
62%
Aruba
61%
Hyderabad
61%
Bristol
59%
Willemstad
59%
Kigali
58%
Bologna
56%
Dubrovnik
55%
Nantes
55%
Luxembourg City
54%
Basel
52%
Inverness
52%
Southampton
52%
Bremen
50%
Cagliari
49%
Guayaquil
49%
Port-of-Spain
49%
Catania
48%
Hanover
48%
Alicante
47%
Trondheim
47%
Nuremberg
45%
Bonaire
43%
Montpellier
43%
Norwich
42%
Aalborg
40%
Wrocław
40%
Cartagena
39%
Rennes
38%
Sint Maarten
37%
Stavanger
37%
Dammam
35%
Bridgetown
34%
Poznań
33%
Humberside
31%
Exeter
30%
Kilimanjaro
29%
Rovaniemi
28%
Billund
26%
Kristiansand
23%
Biarritz
21%
Teesside
20%
Linköping
18%
Ålesund
17%
Kittilä
9%
No matching quizzes found
Score Distribution
Percent of People with Each Score
Percentile by Number Answered
Your Score History
You have not taken this quiz since the last reset